000 00738nam a22002657a 4500
001 BR9500280
003 BR-BrBNA
005 20230928094412.0
007 ta
008 230509b bl.||||| |||| 00| 0 por d
040 _aBR-BrBNA
_bpor
_cBiblioteca Nacional de Agricultura
041 _a(Por)
072 _aE14
090 _ E14 BR9500280
100 1 _aBraga, O.
110 1 _aMinisterio da Agricultura, Rio de Janeiro, GB (Brasil). Servico de Informacao Agricola
_96974
245 1 _aO governo e a producao
250 1 _av. 5
260 3 _aRio de Janeiro, GB (Brasil):
_c1937.
300 _a168 p.
650 _aPolitica Governamental
650 _aEconomia Agricola
909 _a202309
_bLucia
_c55
_dLucia Elande
942 _cBK
999 _c50532
_d50532